000 00990nam a2200241Ia 4500
001 15715
003 GE_BSU
008 181216s||||||||xx |||||||||||||| ||und||
040 _cGE_BSU
080 _a821.353.1-4
100 _aწვერავა, ს.
245 _aფოლადის გზებზე
245 _bნარკვევები კომუნისტური შრომის ბრიგადებზე.
245 _cრედ.ვ. ნატროშვილი. მხ. ირ.ჯანაშვილი
260 _aთბილისი
260 _bსაბჭ. მწერალი
260 _c1960.
300 _a300გვ. ; 20სმ
653 _aკომუნისტური შრომის ბრიგადები;
653 _aნარკვევები კომუნისტური შრომის ბრიგადებზე
653 _aფოლადის გზებზე
942 _cBK
999 _c48813
_d48813